00372cam a22001217a 4500008004000000082001400040100002900054245005600083260003300139300001000172650003200182650003600214180718b1947 xxu||||| |||| 00| 0 eng d aUx54 N143 aNaidu, B.V Narayanaswami aState and economic lifecby B.V Narayanaswami Naidu aDelhibDelhi Uniersityc1947 a140p. aIndia - Economic Conditions aGovernment and Business - India